Hard World Geography By Letter B - Picture Quiz - Statistics

General Stats
  • This quiz has been taken 423 times
  • The average score is 7 of 18
Answer Stats
Picture Hint Answer % Correct
(resort island) Bali
79%
(city) Bethlehem
69%
(city) Baltimore
65%
(mountain range) {Black} Forest
64%
(ape) Bonobo
59%
(national park) Banff
51%
(language) Belarusian
48%
(language family) Bantu
42%
(autonomus region) {Bougainville}
33%
(idol) Brahma
26%
(capital city) {Belgrade} Fortress
24%
(historical region) Bessarabia
21%
(city) Bristol
20%
(river) Brazos
18%
(stadium) La {Bombonera}
18%
(body of water) Banda Sea
17%
(former province) Brabant
17%
(ethnic group) Bretons
16%
No matching quizzes found
Score Distribution
Percent of People with Each Score
Percentile by Number Answered
Your Score History
You have not taken this quiz